| 000 | 00832nam a2200205Ia 4500 | ||
|---|---|---|---|
| 003 | GCL | ||
| 008 | 140319s9999 xx 000 0 ara d | ||
| 040 |
_aGCL / _cGCL |
||
| 082 | 0 | 4 |
_a221.2 _bج م |
| 100 | 1 | _aابن قيم الجوزية: شمس الدين ابو عبدالله محمد بن ابى بكر | |
| 245 | 1 | 0 |
_aمجالس بن الجوزى فى المتشابه من الآيات القرآنية / _cابن قيم الجوزية: شمس الدين ابو عبدالله محمد بن ابى بكر |
| 250 | _aالاولى | ||
| 260 |
_aالقاهرة : _bدار البخارى ، _c2002 |
||
| 300 |
_a84 ص ؛ _c24 سم |
||
| 650 | 0 | 4 | _aابن قيم الجوزية |
| 650 | 0 | 4 | _aالقران - بلاغة |
| 650 | 0 | 4 | _aالقران - الفاظ |
| 650 | 0 | 4 | _aالقران - سور وايات |
| 942 |
_2ddc _cBK |
||
| 999 |
_c5623 _d5623 |
||